Маргіналії в стародруках кириличного шрифту 15-17 ст. з фонду Національної бібліотеки України імені В. І. Вернадського (Запис № 580618)

МАРК-запис
000 -Лідер
fixed length control field 02858 a2200265 4500
001 - Контрольний номер
control field 2162214035926770
003 - Ідентифікатор контрольного номера
control field UA-OsUOA
005 - Дата та час останнього входження (трансакції)
control field 20260429154056.0
008 - Елементи даних фіксованої довжини – загальна інформація
fixed length control field 260429b un ao||| |||| 00| 0 ukr d
020 ## - Міжнародний стандартний книжковий номер (ISBN)
Міжнародний стандартний книжковий номер (ISBN) (НП) 9660235771
040 ## - Джерело каталогізації
Агенція оригінальної каталогізації UA-OsUOA
Мова каталогізації ukr
Агенція, яка здійснювала перезапис UA-OsUOA
Агенція, яка здійснювала модифікацію UA-OsUOA
041 ## - Код мови
Код мови тексту/ звукової доріжки чи окремого заголовка (П) ukr
080 ## - Індекс Універсальної десяткової класифікації
Індекс Універсальної десяткової класифікації (УДК) (НП) 091.5:027.54(477-25)
090 ## - Локальний шифр розміщення
Класифікаційний індекс УДК 091.5:027.54(477-25)
Авторський знак (НП) Ш19
100 ## - Основне введення – ім’я особи
Ім’я особи (НП) Шамрай М.
9 (RLIN) 25134
110 ## - Наймення організації – загальна інформація
Найменування колективу або юрисдикції як початковий елемент введення Національна Академія наук України
Структурний підрозділ Інститут української археографії та джерелознавства імені М. С. Грушевського
-- Національна бібліотека України імені В. І. Вернадського
9 (RLIN) 25135
245 ## - Відомості про назву
Назва (НП) Маргіналії в стародруках кириличного шрифту 15-17 ст. з фонду Національної бібліотеки України імені В. І. Вернадського
Дані про відповідальність (НП) Маргарита Шамрай
260 ## - Публікація, розповсюдження і т.п. (Вихідні дані)
Місце публікації, розповсюдження і т.п. (П) Київ
Ім’я/ наймення видавництва, розповсюджувача і т.п. (П) Національна бібліотека України імені В. І. Вернадського
Дата публікації, розповсюдження і т.п. (П) 2005
300 ## - Фізичний опис
Обсяг 332 с.
520 ## - Резюме і т.п.
Резюме, реферат, анотація, тощо (НП) Пропонована праця є публікацією маргіналій (записи на берегах книг) у стародрукованих виданнях 15-17 ст., що насичені різноманітними відомостями. Найчастіше вони створбвалися у зв'язку із купівлею книг, пердачею її до церкви на поминання душі або за відпущення гріхів. Покрайні записи на примірниках є основним джерелом пізнання шляхів розповсюдження книги і книги її спийняття різними верствами населення. В той же час читацькі записи - цінне історичне джерело, особливо в галузі історії культури.<br/>До видання подано грунтовний науково-довідковий апарат, що складається з іменного, географічного, хронологічного та предметно-систематичного покажчиків, а також покажчика цін на книжкову продукцію.<br/>Для істориків, філологів, книгознавців, усіх, хьто цікавиться історією та культурою України.
650 ## - Додаткове предметне введення – тематичний термін
Тематичний термін чи географічна назва, як елемент введення (НП) 09 Рукописи. Раритети і рідкісні книги
9 (RLIN) 1449
942 ## - Додаткові елементи входу (Коха)
Тип елемента Koha Книги
Source of classification or shelving scheme Universal Decimal Classification
955 ## - Код типу видання за змістом
Код типу видання за змістом (НП) Наукові видання
Фонди
Стан вилучень Стан втрат Джерело класифікації або схеми стелажів Стан уражень Не для кредиту Код колекції Постійне місце розташування Поточне розміщення Дата придбання Джерело придбання Вартість, звичайна ціна покупки Інвентарний номер Усього замовленно Повний номер виклику Штрих-код Дата останнього перегляду Вартість, ціна заміни Ціна ефективна від Тип елемента Koha Примітка, призначена для загального доступу
    Universal Decimal Classification     Колекція Шевчука Валерія АБ - Абонемент НБ АБ - Абонемент НБ 28/04/2026 Акт №24/28.04.2026 25.00 169884   091.5:027.54(477-25) Ш19 169884 29/04/2026 25.00 29/04/2026 Книги З автографом авторки